000 01093nam a2200313 a 4500
001 1500
003 BR-CuiBMT
005 20231213143344.0
008 231211s2007 dfb 101 0 por d
020 _a9788585572839
040 _aBR-CuiBMT
_cBR-CuiBMT
080 _a347
_22007
090 _a347
_bJ82i
111 1 _aJornada de Direito Civil
_n(4. :
_d2007 :
_cBrasília, DF)
245 1 0 _aIV jornada de direito civil /
_c(organização) Ruy Rosado de Aguiar Jr.
246 _aQuarta Jornada de Direito Civil
260 _aBrasília :
_bCento de Estudos Judiciários,
_c2007.
300 _a2 v. ;
_c30 cm
504 _aInclui bibliografia e índice.
650 _aDireito civil
_zBrasil
_vCongressos
650 _aDireito das obrigações
_zBrasil
650 _aResponsabilidade civil
_zBrasil
650 _aDireito empresarial
_zBrasil
650 _aDireito de família
_zBrasil
650 _aDireito das sucessões
_zBrasil
700 1 _aAguiar Júnior, Ruy Rosado de,
_d1938-
710 1 _aConselho da Justiça Federal (Brasil).
_bCentro de Estudos Judiciários.
942 _2udc
_cLV
999 _c1500
_d1500